| Tag |
First Indicator |
Second Indicator |
Subfields |
| LEADER |
00000cam a2200000 a 4500 |
| 001 |
in00000012164 |
| 005 |
20151007051755.0 |
| 008 |
870602s1987 nyua b 00100 eng |
| 010 |
|
|
|a 87015811
|
| 020 |
|
|
|a 0275924653 (alk. paper) :
|c $36.95
|
| 035 |
|
|
|a (OCoLC)16093146
|
| 035 |
|
|
|9 AAA4717AM
|
| 040 |
|
|
|a DLC
|c DLC
|d TXA
|d UtOrBLW
|
| 043 |
|
|
|a n-us---
|
| 049 |
|
|
|a TXAM
|c [A11482555]
|
| 050 |
0 |
0 |
|a NX512.3.A35
|b E97 1987
|
| 082 |
0 |
|
|a 700/.8996073
|2 19
|
| 245 |
0 |
0 |
|a Expressively Black :
|b the cultural basis of ethnic identity /
|c edited by Geneva Gay and Willie L. Baber.
|
| 264 |
|
1 |
|a New York :
|b Praeger,
|c 1987.
|
| 300 |
|
|
|a xxii, 372 pages :
|b illustrations ;
|c 24 cm.
|
| 336 |
|
|
|a text
|b txt
|2 rdacontent
|
| 337 |
|
|
|a unmediated
|b n
|2 rdamedia
|
| 338 |
|
|
|a volume
|b nc
|2 rdacarrier
|
| 504 |
|
|
|a Includes bibliographies and index.
|
| 650 |
|
0 |
|a African American arts.
|
| 650 |
|
0 |
|a Arts, American
|y 20th century.
|
| 650 |
|
0 |
|a African Americans
|x Race identity.
|
| 700 |
1 |
|
|a Gay, Geneva.
|
| 700 |
1 |
|
|a Baber, Willie L.
|
| 999 |
|
|
|a MARS
|
| 999 |
f |
f |
|s e745471b-6432-39b1-97a6-910025294f19
|i 23cf3b88-4864-3689-b1b0-f3cfe3d5d30c
|t 0
|
| 952 |
f |
f |
|p normal
|a Texas A&M University
|b College Station
|c Sterling C. Evans Library
|d Evans: Library Stacks
|t 0
|e NX512.3.A35 E97 1987
|h Library of Congress classification
|i unmediated -- volume
|m A14811482555
|
| 998 |
f |
f |
|a NX512.3.A35 E97 1987
|t 0
|l Evans: Library Stacks
|